000 00708nam a2200289Ia 4500
005 20260324134202.0
008 008 260324s9999 xx 000 0 eng d
020 _a9781315071923
037 _aEBOOK
040 _aCRL
040 _beng
040 _cCRL
041 _2eng
041 _aeng
084 _qCRL
100 _aZainem Ibrahim; Mark Mann
_91195892
245 4 _aThe Good Alternative Travel Guide
245 0 _bExciting Holidays for Responsible Travellers
260 _bTaylor and Francis
260 _c2002
365 _a
365 _b230
856 _uhttp://www.taylorfrancis.com/books/9781315071923
942 _cEBOOK
999 _c1795678
_d1795678